000 00518nam a2200181Ia 4500
005 20250326123731.0
008 250326s9999 xx 000 0 und d
037 _aTextbook
040 _aFMSL
_beng
_cFMSL
041 _aeng
_2eng
084 _aX:89ZB.1
_qFMSL
100 _aGalbraith J K
245 0 _aInequality and industrial change: global view
_cGalbraith J K; Berner M
260 _aUSA
_bUSA, Cambridge University
_c2001
300 _a322p
942 _cTB
_hX:89ZB.1
999 _c1270716
_d1270716